00221nam a22000857a 4500008004100000082002000041245002800061260003800089300000800127230620b xxu||||| |||| 00| 0 eng d a320.2bTAN 1979 aIn Defence of Democracy aKampalabUNDIS Publicationsc1979 a30p